Plan de capacitación en el área administrativa de UCOSEMUN R.L
Presenta un plan de capacitación en el área administrativa de UCOSEMUN R. L, es una organización cooperativa de segundo grado que agrupan 8 cooperativas de servicios múltiples y surge como una necesidad de integrar a diferentes organizaciones cooperativas la cual cuenta con 20 colaboradores.
| Main Authors: | , , |
|---|---|
| Other Authors: | |
| Format: | Tesis Section = Libro |
| Language: | Undetermined Spanish |
| Published: |
Managua
UNI
2013
|
| Subjects: |
| LEADER | 01168nam a2200265Ia 4500 | ||
|---|---|---|---|
| 008 | 240830s9999 xx 000 0 und d | ||
| 040 | |a BIBLIOTECA-RUPAP T.Mon 658.312 T712 | ||
| 041 | |a spa | ||
| 082 | |a T.Mon 658.312 T712 | ||
| 100 | 1 | |a Toruño Olivas, Eveling Tatiana | |
| 100 | 1 | |b Amador Rayo, Nelson Ezequiel | |
| 100 | 1 | |c Herrera, Denia de los Ángeles | |
| 245 | 1 | 0 | |a Plan de capacitación en el área administrativa de UCOSEMUN R.L |
| 260 | |a Managua |b UNI |c 2013 | ||
| 300 | |a 51 p. :il. | ||
| 500 | |a Contiene: anexos e Incluye: CD. | ||
| 502 | |a Tesis (Ingeniero de Sistemas)- UNI, 2013. | ||
| 520 | 3 | |a Presenta un plan de capacitación en el área administrativa de UCOSEMUN R. L, es una organización cooperativa de segundo grado que agrupan 8 cooperativas de servicios múltiples y surge como una necesidad de integrar a diferentes organizaciones cooperativas la cual cuenta con 20 colaboradores. | |
| 650 | 7 | |a EMPLEADOS – CAPACITACIÓN | |
| 650 | 7 | |b DESARROLLO DE PERSONAL | |
| 650 | 7 | |c PLANEACIÓN Y ESTRATEGIA - CAPACITACIÓN | |
| 700 | 1 | |a Tutor: |b Orozco Miranda, Hazzely del Carmen | |
| 942 | |c BK |2 ddc | ||
| 991 | |a TESIS | ||
| 999 | |c 18534 | ||